| 000 | 00846nam a2200241 i 4500 | ||
|---|---|---|---|
| 003 | EG-ScBUE | ||
| 005 | 20240708085558.0 | ||
| 008 | 100727s1999 su f 001 0bara d | ||
| 017 | _a99 / 7223 | ||
| 040 |
_aEG-ScBUE _bara _erda _cEG-ScBUE _dEG-ScBUE |
||
| 082 | 0 | 4 |
_222 _a928.162 _bت ح ت |
| 245 | 0 | 0 |
_aتحت شمس الكتابة : _bشهادات ودراسات في سليمان فياض. |
| 264 | 1 |
_aالرياض : _bدار المريخ، _c1999. |
|
| 300 |
_a609 صفحة ؛ _c24 سم |
||
| 336 |
_2rdacontent _aنص _btxt |
||
| 337 |
_aبدون وسيط _2rdamedia _bn |
||
| 338 |
_aمجلد _bnc _2rdacarrier |
||
| 500 | _aيشتمل عى كشاف. | ||
| 600 | 1 | 7 |
_2BUEsh _aفياض، سليمان، _d1929-2015. |
| 650 | 7 |
_911526 _aالأدباء المصريون _vتراجم. _2BUEsh |
|
| 655 | _vReading book | ||
| 942 |
_2ddc _cBB |
||
| 999 |
_c14564 _d14564 |
||